Decamerón /
Guardado en:
| Autor Principal: | |
|---|---|
| Otros Autores: | , |
| Formato: | Libro |
| Idioma: | Undetermined |
| Publicado: |
Buenos Aires :
Planeta,
c2000.
|
| Series: | La Nación
|
| Materias: | |
| Etiquetas: |
Agregar Etiqueta
Sin Etiquetas, Sea el primero en etiquetar este registro!
|
| LEADER | 00624nam a22002055a 4500 | ||
|---|---|---|---|
| 001 | CEM.cems024421 | ||
| 008 | 241217s2000####ag############000#0#und#d | ||
| 005 | 20241217154559.0 | ||
| 245 | 1 | 0 | |a Decamerón / |c Giovanni Boccaccio. |
| 260 | |a Buenos Aires : |b Planeta, |c c2000. | ||
| 300 | |a xxii, 583 p. | ||
| 490 | 1 | |a La Nación | |
| 020 | |a 840803619X | ||
| 100 | 1 | |a Boccaccio, Giovanni. | |
| 700 | 1 | |a Olivar, Marcial; trad. | |
| 700 | 1 | |a Alcántara, Francisco José; prol. | |
| 653 | |a Literatura italiana | ||
| 653 | |a Cuento italiano | ||
| 653 | |a Literatura medieval | ||
| 859 | |a CEMS |b BIB. CEMS - 11 de abril |h 857.1 |i B63-1 |p 26594.13 |t Ej.1 | ||
